Advanced Accountancy (Record no. 645)

MARC details
000 -LEADER
fixed length control field 00426nam a22001697a 4500
005 - DATE AND TIME OF LATEST TRANSACTION
control field 20180613153233.0
008 - FIXED-LENGTH DATA ELEMENTS--GENERAL INFORMATION
fixed length control field 160512b xxu||||| |||| 00| 0 eng d
020 ## - INTERNATIONAL STANDARD BOOK NUMBER
ISBN 81-259-1612-1
041 ## - LANGUAGE CODE
Language code of text/sound track or separate title eng
082 ## - DEWEY DECIMAL CLASSIFICATION NUMBER
Item number 1648
Classification number 657.046
100 ## - MAIN ENTRY--AUTHOR NAME
Personal name Maheshwari S.N. Maheshwari S.K.
245 ## - TITLE STATEMENT
Title Advanced Accountancy
260 ## - PUBLICATION, DISTRIBUTION, ETC. (IMPRINT)
Place of publication New Delhi
Name of publisher Vikas Publishing
Year of publication 1985
300 ## - PHYSICAL DESCRIPTION
Number of Pages 3.32
650 ## - SUBJECT ADDED ENTRY--TOPICAL TERM
Topical Term Management
942 ## - ADDED ENTRY ELEMENTS (KOHA)
Koha item type Books
Holdings
Lost status Damaged status Collection code Home library Current library Shelving location Date acquired Cost, normal purchase price Full call number Accession Number Koha item type
    Reference JRU Library   SHELF-28-I 12/05/2016 310.00 657.046 1648 Books
    LAW JRU Library   SHELF-32-A 12/05/2016 310.00 657.046 1649 Books
    LAW JRU Library   SHELF-32-A 12/05/2016 310.00 657.046 1650 Books